| 000 | 00916nam a22002177a 4500 | ||
|---|---|---|---|
| 003 | AM-YeHGA | ||
| 040 | _aAM-YeHGA | ||
| 090 | _c428003 | ||
| 005 | 20250617155058.0 | ||
| 008 | 190215s1933 ru ||||| |||| 00| 0 rus d | ||
| 041 | 1 |
_arus _heng |
|
| 100 | 1 | _aКальверт, Роберт | |
| 245 | 1 | 0 |
_aДиатомиты / _b _cР. Кальверт ; Пер. с англ. с прилож. и дополнениями К. К. Дондо |
| 260 |
_aЛенинград ; _aМосква : _bГосударственное издательство Стандартизация и рационализация, _c1933. |
||
| 300 |
_a306, [1] с. : _bил., табл.; _c21 см |
||
| 504 | _aБиблиогр. в конце гл. | ||
| 650 | 1 | 4 | _aГеологические науки |
| 650 | 1 | 4 | _aПетрография |
| 650 | 1 | 4 |
_aКремнистые поролы _xДиатомиты |
| 942 |
_2udc _cBK |
||
| 999 |
_c425536 _d425536 |
||